000 00484nam a2200145Ia 4500
008 100204s9999 xx 000 0 und d
082 _b861
100 _aअत्रे प्रभाकर
245 _aमाझे जीवन गाणे
260 _b"दिपज्योती प्रकाशन , पुणे"
_c1974
300 _a122
630 _aमाझे जीवन गाणे
730 _aमाझे जीवन गाणे
942 _cBOOK
999 _c446056
_d446053